Pays d'après ses pays limitrophes - Statistiques

Statistiques générales
  • Ce quiz a été pris 68 fois
  • Le résultat moyen est 13 sur 16
Statistiques - réponses
Par images Réponse % Correct
Danemark
97%
Paraguay
92%
Liechtenstein
83%
Norvège
83%
Monaco
82%
Guatemala
80%
Guyana
80%
Qatar
80%
Djibouti
78%
Eswatini
78%
Moldavie
78%
Tadjikistan
78%
Panama
77%
Bénin
75%
Thaïlande
75%
Brunei
68%
Aucun quiz correspondant
Distribution des résultats
% des personnes avec chaque résultat
Percentile par nombre de réponses
Votre historique - résultats
Vous n’avez pas pris ce quiz